000 01636nam a2200289 i 4500
003 EG-GICUC
005 20260121101434.0
008 251206s ua ||||fr|||| 00| 0 ara d
040 _a EG-GICUC
_bara
_c EG-GICUC
_d EG-GICUC
_erda
041 0 _aara
082 0 4 _221
_a345.455
_bم ر
092 0 4 _221
099 _aLaw1 345.455 م ر 1972
245 0 2 _a المرجع في نظام العاملين بالقطاع العام فقها وقضاء :
_b وفقا للقانون الجديد رقم 61 لسنه 1971 /
_cشرح وتعليق فتحى السيد لاشين، عبد الرحيم محمد سعيد.
264 3 _aالقاهرة :
_bمطبعة الحضارة العربية،
_c1972.
300 _a599 ؛صفحة
_c24 سم.
336 _2rda content
_atext
337 _2rda media
_aComputer
338 _2rda carrier
_aOnline Resource
505 _a. شرح فقرى مقارن بالتشريعات المختلفة. . نقد و تحليل النصوص القانونية. . حلول قانونية وعملية المشكلات التطبيق. . أحكام القضاء المدنى والإداري وقرارات هيئات التحكيم. . فتاوى الجمعية العمومية وإدارات الفتوى المجالس الدولة. . تعليمات الجهاز المركزي للتنظيم والإدارة .
546 _aالنص باللغة العربية
650 1 4 _aالنظام القانوني للعاملين بالقطاع العام
650 1 4 _aالقانون الإداري
856 4 0 _uhttps://fll.law.cu.edu.eg/fulltext/bks/B07-01126.pdf
905 _a32
942 _2ddc
_cBK
_e21
_n0
999 _c48627
_d48627